| 000 | 005240000a22001930004500 | ||
|---|---|---|---|
| 020 | _a970-686-229-3 | ||
| 041 | 0 | _aSPA | |
| 082 | 0 | 4 | _aG 658 R6961i |
| 100 | 1 | _aRodríguez Valencia, Joaquín | |
| 245 | 1 | 0 | _aIntroducción a la administración con enfoque de sistemas / Joaquín Rodríguez Valencia |
| 250 | _a4 | ||
| 260 | _aAustralia : Thomson | ||
| 300 | _a545 Pag | ||
| 001 | 10558 | ||
| 942 | _cBK | ||
| 999 |
_c40090 _d40090 |
||
| 336 |
_atexto _btxt _2rdacontent |
||
| 337 |
_2rdamedia _asin mediación _bn |
||
| 338 |
_2rdacarrier _avolumen _bnc |
||